00856nam a2200205 i 4500001000700000003000900007007000300016008004100019245011600060250001200176260004900188300003100237490006600268650003800334700003200372830007400404852003200478999001900510952012100529133791ES-MaACLt|070829s1986 gw ||||1| eng d00aWorld guide to libraries b: = Internationales Bibliotheks-Handbuch / ceditorial director, Helga Lengenfelder. a7th ed. aMùˆnchen ; New York : bK. G. Saur, c1986. aXXXIII, 1203 p. ; c30 cm.1 aHandbook of international documentation and information ; v814aBibliotecas-vDirectorios.9105351 aLengenfelder, Helga.9715170 aHandbook of international documentation and information ; v89219787 aES-MaACLjL-9761 bR.112295 c133791d133791 00104070aATENEOMbATENEOMcDEPO2d2008-01-17eSCl0oL-9761p1139273r2023-02-23 00:00:00w2023-02-23yMONOGRAFIA